00381nam a2200109Ia 4500008004100000100002500041245004200066260006900108300001100177650001500188856006800203160712s9999 xx 000 0 und d aMarquez, Jeena Rani. cJeena Rani MarquezaThe River of Gold c2012bLikhaan: The Journal of Contemporary Philippine Literature avol. 6 xNONFICTION uhttp://journals.upd.edu.ph/index.php/lik/issue/view/536/showToc